000 00702nam a2200253 a 4500
001 adlib96000001
003 ViArRB
005 200902210153555.7
008 960221s1955 dcuabcdjdbkoqu001 0deng d
020 _a8189766104
022 _a
040 _aAdlib
082 _a551.583
245 _aGlobal climate change: insights, impacts and concerns
250 _a
260 _aNew Delhi
_bVitasta Publishing
_c2006
300 _axv, 487p.
_c
500 _a
100 _aKumar, H.D
_e
700 _a
_a
942 _cBK
653 _aClimate Change
_aClimatology
952 _w2010-06-16
_p00059840
_r2012-01-05
_40
_00
_bUL
_10
_o551.583 KUM
_d2010-06-16
_70
_yBK
_s2011-12-21
_l1
_aUL
999 _c53754
_d53753